Implicaciones criminológicas del hacinamiento en las prisiones /

Gorde:
Xehetasun bibliografikoak
Egile nagusia: Delgado Salazar, Jorge
Formatua: Texto
Gaiak:
Etiketak: Etiketa erantsi
Etiketarik gabe, Izan zaitez lehena erregistro honi etiketa jartzen!

MARC

LEADER 00000 a a2200000 04500
001 18530
003
040
100 |a Delgado Salazar, Jorge  
245 |a Implicaciones criminológicas del hacinamiento en las prisiones /  |c Jorge Delgado Salazar 
650 |a PRISIONES  
650 |a SANCIONES PENALES  
650 |a LIBERTAD  
650 |a DERECHO PENAL  
650 |a INSTITUCIONES PENALES  
773 |g número 28; páginas 93-101  
999 |c 27569  |d 27569